Clubes por su primer escudo (Sudamérica) - Estadísticas

Estadísticas generales
  • Esta prueba ha sido intentada 20 veces
  • La puntuación promedio es 14 de 28
Estadísticas de respuestas
Imagen Respuesta % Correcto
Nacional (U)
100%
Boca Juniors
95%
San Lorenzo
84%
Universitario
84%
Estudiantes (LP)
79%
Palmeiras
74%
Cerro Porteño
68%
Club Olimpia
68%
Emelec
68%
Universidad de Chile
68%
Liga de Quito
63%
Independiente
58%
Internacional
58%
Barcelona SC
53%
Flamengo
53%
Vélez Sarsfield
53%
Sao Paulo
47%
Santos
42%
Racing Club
37%
Peñarol
32%
River Plate
32%
Atlético Nacional
26%
Colo-Colo
21%
Gremio
16%
Millonarios
16%
Alianza Lima
11%
Bolivar
11%
Caracas FC
11%
No se encontraron pruebas coincidentes
Distribución de puntuación
Porcentaje de gente con cada puntuación
Porcentaje por número respondido
Historial de tus puntuaciones
No has intentado esta prueba.